[Event "Groningen op-A"]
[Site "Groningen"]
[Date "2010.12.24"]
[Round "4"]
[White "Van Eijk, Sander"]
[Black "Theulings, Paul Peter"]
[Result "1-0"]
[WhiteElo "2387"]
[BlackElo "2132"]
[PlyCount "155"]
[EventDate "2010.12.21"]
[EventType "swiss"]
[EventRounds "9"]
[EventCountry "NED"]
[SourceTitle "CBM 140 Extra"]
[Source "ChessBase"]
[SourceDate "2011.03.01"]
[SourceVersion "1"]
[SourceVersionDate "2011.03.01"]
[SourceQuality "1"]

1. e4 Nf6 2. e5 Nd5 3. d4 d6 4. Nf3 Nc6 5. c4 Nb6 6. Nc3 Bg4 7. Be3 dxe5 8. d5 Nd4 9. Bxd4 exd4 10. Qxd4 Bxf3 11. gxf3 e6 12. 0-0-0 Qf6 13. dxe6 Qxd4 14. exf7+ Kxf7 15. Rxd4 g6 16. Kc2 Bc5 17. Rd2 Rad8 18. Bd3 Bd6 19. Rhd1 Kg7 20. Be2 Rdf8 21. h3 Rf5 22. Ne4 Be7 23. b3 Re8 24. Rd3 a5 25. Re3 a4 26. b4 Bxb4 27. Nd6 Bxd6 28. Rxe8 Nd7 29. Rd5 Rf4 30. Re4 Rf7 31. Ra5 b6 32. Ra8 a3 33. Re3 Rf4 34. Rae8 Nf6 35. Rc8 Rh4 36. Bf1 Rh5 37. Rxc7+ Bxc7 38. Re7+ Kf8 39. Rxc7 Rf5 40. Be2 Nh5 41. Rxh7 Nf4 42. Bf1 Ne6 43. Be2 b5 44. cxb5 Nd4+ 45. Kd2 Nxe2 46. Kxe2 Rxb5 47. Rd7 Rb4 48. Rd2 Ke7 49. Kd3 Rb1 50. Rc2 Rf1 51. Ke3 Ra1 52. Rd2 Kf6 53. Ke4 Kg5 54. f4+ Kf6 55. Re2 Ke6 56. Rc2 Kf6 57. Rd2 Re1+ 58. Kd4 Ra1 59. Kc4 Rb1 60. Rd3 Rb2 61. Rxa3 Rxf2 62. Kb5 Rxf4 63. Rb3 Ke6 64. a4 Kd7 65. Rc3 Rf1 66. a5 Rb1+ 67. Ka6 g5 68. Rg3 Rh1 69. Kb5 Kc7 70. Kc4 Rc1+ 71. Kd4 Rd1+ 72. Ke4 Re1+ 73. Kf5 Ra1 74. Rc3+ Kd6 75. Rd3+ Ke7 76. Re3+ Kd8 77. Re5 Rh1 78. a6 1-0

[Event "Groningen op-A"]
[Site "Groningen"]
[Date "2010.12.23"]
[Round "3"]
[White "Nijboer, Friso"]
[Black "Van Eijk, Sander"]
[Result "1-0"]
[WhiteElo "2583"]
[BlackElo "2387"]
[PlyCount "63"]
[EventDate "2010.12.21"]
[EventType "swiss"]
[EventRounds "9"]
[EventCountry "NED"]
[SourceTitle "CBM 140 Extra"]
[Source "ChessBase"]
[SourceDate "2011.03.01"]
[SourceVersion "1"]
[SourceVersionDate "2011.03.01"]
[SourceQuality "1"]

1. e4 e6 2. d4 d5 3. Nc3 Nf6 4. e5 Nfd7 5. f4 c5 6. Nf3 Nc6 7. Be3 a6 8. Qd2 b5 9. Be2 Qb6 10. Nd1 b4 11. c3 a5 12. 0-0 Ba6 13. Bxa6 Qxa6 14. f5 exf5 15. Ng5 cxd4 16. cxd4 h6 17. Nh3 Ne7 18. a3 bxa3 19. Rxa3 g5 20. Qf2 Qe6 21. Nc3 Nc6 22. Nb5 Rc8 23. Rc3 f4 24. Bxf4 gxf4 25. Nxf4 Qf5 26. Rf3 Ncxe5 27. dxe5 Nxe5 28. Rc3 Rxc3 29. bxc3 f6 30. Nd4 Qg5 31. Nxd5 Be7 32. Nf5 1-0

[Event "Groningen op-A"]
[Site "Groningen"]
[Date "2010.12.21"]
[Round "1"]
[White "Van Eijk, Sander"]
[Black "Maris, Ivo"]
[Result "1-0"]
[WhiteElo "2387"]
[BlackElo "1955"]
[PlyCount "69"]
[EventDate "2010.12.21"]
[EventType "swiss"]
[EventRounds "9"]
[EventCountry "NED"]
[SourceTitle "CBM 140 Extra"]
[Source "ChessBase"]
[SourceDate "2011.03.01"]
[SourceVersion "1"]
[SourceVersionDate "2011.03.01"]
[SourceQuality "1"]

1. e4 c5 2. Nc3 Nc6 3. Nge2 e6 4. d4 cxd4 5. Nxd4 Qc7 6. Be3 a6 7. Be2 Nf6 8. a3 d6 9. f4 Be7 10. g4 Nxd4 11. Bxd4 e5 12. Bf2 exf4 13. g5 Nd7 14. Nd5 Qd8 15. h4 b6 16. Qd4 0-0 17. 0-0-0 Bb7 18. Nxf4 d5 19. Qd2 Nc5 20. Bxc5 Bxc5 21. Nxd5 Re8 22. Kb1 Kh8 23. Qf4 Bxd5 24. Rxd5 Qe7 25. Bd3 b5 26. h5 Rad8 27. Qf5 g6 28. hxg6 fxg6 29. Qxg6 Rxd5 30. exd5 Qe1+ 31. Ka2 Qxh1 32. Qxe8+ Kg7 33. Qd7+ Kg8 34. Bf5 Qf1 35. Qxh7+ 1-0